| 000 | 01334nam a22003374a 4500 | ||
|---|---|---|---|
| 001 | ebr10014876 | ||
| 003 | CaPaEBR | ||
| 006 | m u | ||
| 007 | cr cn||||||||| | ||
| 008 | 000104s2000 enka sb 001 0 eng | ||
| 010 | _z 00020325 | ||
| 020 | _z0521782325 (hbk.) | ||
| 040 |
_aCaPaEBR _cCaPaEBR |
||
| 035 | _a(OCoLC)51202833 | ||
| 050 | 1 | 4 |
_aHG101 _b.B68 2000eb |
| 082 | 0 | 4 |
_a658.15/5 _221 |
| 100 | 1 |
_aBouchaud, Jean-Philippe, _d1962- |
|
| 245 | 1 | 0 |
_aTheory of financial risks _h[electronic resource] : _bfrom statistical physics to risk management / _cJean-Philippe Bouchaud and Marc Potters. |
| 260 |
_aCambridge [England] ; _aNew York : _bCambridge University Press, _c2000. |
||
| 300 |
_axiii, 218 p. : _bill. |
||
| 504 | _aIncludes bibliographical references and indexes. | ||
| 533 |
_aElectronic reproduction. _bPalo Alto, Calif. : _cebrary, _d2013. _nAvailable via World Wide Web. _nAccess may be limited to ebrary affiliated libraries. |
||
| 650 | 0 | _aFinance. | |
| 650 | 0 | _aFinancial engineering. | |
| 650 | 0 | _aRisk assessment. | |
| 650 | 0 | _aRisk management. | |
| 655 | 7 |
_aElectronic books. _2local |
|
| 700 | 1 |
_aPotters, Marc, _d1969- |
|
| 710 | 2 | _aebrary, Inc. | |
| 856 | 4 | 0 |
_uhttp://site.ebrary.com/lib/rucke/Doc?id=10014876 _zAn electronic book accessible through the World Wide Web; click to view |
| 999 |
_c26713 _d26713 |
||